000 00733npc a2200229Ia 4500
001 dg21-1313 [d000001275]
003 IT-MiCISF
008 161014s9999||||xx | und||
040 _aIT-MiCISF
_cIT-MiCISF
041 _afr
100 _aHubert Michel
240 _aPratiques sexuelles et cultures nationales
245 0 _aPratiques sexuelles et cultures nationales
250 _a1a ed.
260 _a Parigi
_bL'etat de l'Europe, Edition La decouverte, Parigi
_c1992
300 _app. 78-80
500 _aFeron F., Thoraval A. / sessualità, omosessualità, comportamento-sessuale, aids, contraccezione /
650 _asessualità
700 _aVan Campenhoudt Luc
942 _cDD
957 _71
999 _a1313
_bsi
_g1
_c207748
_d207748